000 00591nam a2200181Ia 4500
008 090123s9999 xx 000 0 und d
082 _b38618
100 _aपाटील दशरथ
245 _aतीन बत्ती चार रस्ता
250 _a0
260 _bसत्यजय प्रकाशन
_c2005
300 _a231
600 _aपाटील दशरथ
630 _aतीन बत्ती चार रस्ता
700 _aपाटील दशरथ
730 _aतीन बत्ती चार रस्ता
942 _cBOOK
999 _c76686
_d76686